[Event "19th ch-EUR Indiv 2018"]
[Site "Batumi GEO"]
[Date "2018.03.28"]
[Round "11.49"]
[White "Indjic, A."]
[Black "Diermair, A."]
[Result "0-1"]
[WhiteElo "2623"]
[BlackElo "2507"]
[PlyCount "72"]
[EventDate "2018.03.17"]
[EventType "swiss"]
[EventRounds "11"]
[EventCountry "GEO"]

1. a3 d5 2. Nf3 Bg4 3. d4 Nd7 4. Nbd2 Ngf6 5. h3 Bh5 6. c4 e6 7. Qb3 Be7 8.
cxd5 exd5 9. g4 Bg6 10. Nh4 Nb6 11. Nxg6 hxg6 12. Bg2 c6 13. e3 Qc7 14. Qc3
O-O-O 15. a4 a6 16. b4 Kb8 17. Qb3 Nxg4 18. hxg4 Rxh1+ 19. Bxh1 Qh2 20. b5
Qxh1+ 21. Ke2 cxb5 22. axb5 a5 23. Qa2 Qg2 24. Qxa5 Qxg4+ 25. Nf3 Rd6 26. Qa7+
Kc7 27. Ba3 Rf6 28. Bxe7 Qxf3+ 29. Kd2 Qxf2+ 30. Kd3 Qf5+ 31. Kc3 Re6 32. Bc5
Qf2 33. Bxb6+ Rxb6 34. Rc1 Rxb5 35. Kd3+ Kd7 36. Qa4 Qb2 0-1

[Event "11th New York Int 2018"]
[Site "New York USA"]
[Date "2018.06.16"]
[Round "7.6"]
[White "Yap, K."]
[Black "Brodsky, David"]
[Result "0-1"]
[WhiteElo "2363"]
[BlackElo "2406"]
[PlyCount "97"]
[EventDate "2018.06.13"]
[EventType "swiss"]
[EventRounds "9"]
[EventCountry "USA"]

1. a3 d5 2. g3 g6 3. Bg2 Bg7 4. Nf3 e5 5. d3 Ne7 6. O-O O-O 7. e4 h6 8. Nc3 Be6
9. exd5 Nxd5 10. Bd2 Nc6 11. Re1 Re8 12. Nxd5 Bxd5 13. Bc3 Qd6 14. Nd2 Bxg2 15.
Kxg2 Nd4 16. Bxd4 Qxd4 17. Rb1 f5 18. Nb3 Qd6 19. Qf3 c6 20. Re2 a5 21. Nd2 a4
22. g4 Qd5 23. gxf5 gxf5 24. Kh3 Qxf3+ 25. Nxf3 e4 26. dxe4 Rxe4 27. Rd2 Rae8
28. Nh4 Re2 29. Rxe2 Rxe2 30. Nxf5 Bf8 31. Kg3 Rxc2 32. Kf3 Kf7 33. Ne3 Rd2 34.
Nc4 Rd5 35. Ke4 Bg7 36. Rc1 Ke6 37. Rc2 Rd4+ 38. Ke3 c5 39. Nd2 Kd5 40. f3 c4
41. Kf2 b5 42. Ne4 Rd1 43. Ke3 Rd3+ 44. Kf4 Rb3 45. Rd2+ Kc6 46. Kf5 Bxb2 47.
Rd6+ Kc7 48. Ke6 Bxa3 49. Rd7+ 0-1

[Event "Astana Open GM Norm 2018"]
[Site "Astana KAZ"]
[Date "2018.06.25"]
[Round "9.2"]
[White "Kuderinov, K."]
[Black "Amanov, Z."]
[Result "1-0"]
[WhiteElo "2455"]
[BlackElo "2340"]
[PlyCount "83"]
[EventDate "2018.06.17"]
[EventType "tourn"]
[EventRounds "9"]
[EventCountry "KAZ"]
[EventCategory "7"]

1. a3 d5 2. Nf3 Nf6 3. g3 c6 4. Bg2 Bg4 5. h3 Bh5 6. g4 Bg6 7. d3 e6 8. O-O Be7
9. Bf4 O-O 10. Nbd2 Nbd7 11. c4 a5 12. Bg3 Ne8 13. cxd5 cxd5 14. e4 dxe4 15.
Nxe4 Nef6 16. Re1 Qb6 17. Qe2 Rac8 18. Rac1 Rfd8 19. Nxf6+ Nxf6 20. Ne5 Bd6 21.
d4 Bxe5 22. Bxe5 Nd7 23. Bg3 Nf6 24. g5 Nd7 25. h4 Nf8 26. h5 Bf5 27. Be5 Nd7
28. h6 gxh6 29. gxh6 f6 30. Bg3 Nf8 31. Rxc8 Rxc8 32. d5 e5 33. Qf3 Bd7 34. d6
Qxd6 35. Rd1 Qe6 36. Qxb7 Kh8 37. Qd5 Qxd5 38. Rxd5 a4 39. Rd6 Be6 40. Bh4 Kg8
41. Bxf6 Rc5 42. Bg7 1-0

[Event "Najdorf Mem Open A 2018"]
[Site "Warsaw POL"]
[Date "2018.07.11"]
[Round "4.20"]
[White "Chomczyk, M."]
[Black "Karpus, Michal"]
[Result "1-0"]
[WhiteElo "2247"]
[BlackElo "2364"]
[PlyCount "103"]
[EventDate "2018.07.08"]
[EventType "swiss"]
[EventRounds "9"]
[EventCountry "POL"]

1. a3 d5 2. Nf3 g6 3. d4 Bg7 4. e3 Nf6 5. Be2 O-O 6. O-O b6 7. b4 c5 8. dxc5
Ne4 9. Ra2 bxc5 10. bxc5 Ba6 11. Bb2 Bxb2 12. Rxb2 Nxc5 13. Nc3 e6 14. Bxa6
Nbxa6 15. Qd4 Qe7 16. h4 Rab8 17. Rfb1 Rxb2 18. Rxb2 Rb8 19. Rxb8+ Nxb8 20. Ne5
f6 21. Ng4 Nbd7 22. Qf4 h5 23. Nh2 Ne5 24. Nf3 Nxf3+ 25. Qxf3 Nd7 26. Nb5 Qc5
27. Qe2 Kf7 28. Qd3 Ne5 29. Qb3 Nc4 30. a4 Na5 31. Qd3 Nc6 32. Nd4 Nb4 33. Qb3
e5 34. c3 exd4 35. exd4 Qe7 36. cxb4 Qe1+ 37. Kh2 Qe4 38. Qc3 Qxh4+ 39. Kg1 Qf4
40. b5 Ke7 41. a5 Qd6 42. b6 axb6 43. a6 Qb8 44. Qc6 Kd8 45. Qxd5+ Kc7 46. Qf7+
Kc6 47. d5+ Kb5 48. a7 Qc8 49. Kh2 h4 50. d6 Qf5 51. Qb3+ Kc5 52. Qe3+ 1-0

[Event "22nd Battle of Senta Open"]
[Site "Senta SRB"]
[Date "2018.07.14"]
[Round "1.24"]
[White "Mrzic, B."]
[Black "Sljukic, M."]
[Result "0-1"]
[WhiteElo "1831"]
[BlackElo "2200"]
[PlyCount "98"]
[EventDate "2018.07.14"]
[EventType "swiss"]
[EventRounds "9"]
[EventCountry "SRB"]

1. a3 d5 2. d4 Nf6 3. c4 e6 4. Nc3 c6 5. Nf3 Be7 6. Bf4 O-O 7. h3 b6 8. cxd5
exd5 9. e3 Bb7 10. Bd3 Nbd7 11. O-O c5 12. Nb5 Ne4 13. Rc1 a6 14. Nc3 Rc8 15.
Ne2 Re8 16. Ne5 cxd4 17. exd4 Nf8 18. Ng3 Ne6 19. Be3 Rxc1 20. Qxc1 Bd6 21. Nf5
Bb8 22. f3 Nd6 23. Nxd6 Qxd6 24. f4 f6 25. Ng4 b5 26. Qd2 Nf8 27. Qf2 Bc8 28.
Bd2 Ne6 29. g3 Ba7 30. Bc3 Bd7 31. Rd1 Nf8 32. Bb1 h5 33. Ne3 Bxh3 34. Qf3 Qd7
35. Qxd5+ Qxd5 36. Nxd5 Bg4 37. Rc1 Ne6 38. Re1 Kf8 39. Bg6 Rd8 40. Nb4 Bxd4+
41. Bxd4 Nxd4 42. Ra1 a5 43. Nd3 Bf5 44. Bxf5 Nxf5 45. Nc5 Rd2 46. b4 a4 47.
Ne6+ Kf7 48. Nc7 Nd4 49. Kh1 Nf3 0-1

[Event "78th ch-ITA Semi-Final"]
[Site "Alessandria ITA"]
[Date "2018.07.23"]
[Round "3.2"]
[White "Di Benedetto, Edoardo"]
[Black "Basso, Pier Luigi"]
[Result "1/2-1/2"]
[WhiteElo "2292"]
[BlackElo "2484"]
[PlyCount "119"]
[EventDate "2018.07.21"]
[EventType "swiss"]
[EventRounds "9"]
[EventCountry "ITA"]

1. a3 d5 2. e3 Nf6 3. Nf3 c6 4. d4 Bg4 5. Be2 Nbd7 6. O-O e6 7. h3 Bh5 8. Nbd2
Bd6 9. Re1 Qe7 10. c4 O-O 11. Qc2 Bg6 12. Bd3 Bxd3 13. Qxd3 e5 14. dxe5 Nxe5
15. Nxe5 Bxe5 16. cxd5 cxd5 17. Nf3 Rac8 18. Bd2 Bxb2 19. Bb4 Qe4 20. Qxe4 dxe4
21. Rab1 Rfe8 22. Rxb2 exf3 23. gxf3 h6 24. Rd1 Rc6 25. Rbd2 Kh7 26. Rd6 Rxd6
27. Rxd6 Rc8 28. Rd4 Rc7 29. a4 Rd7 30. Rc4 Nd5 31. a5 Nc7 32. Bc5 a6 33. Rd4
Rxd4 34. Bxd4 Kg6 35. Kg2 Ne6 36. Bb6 Kf5 37. f4 Ke4 38. f3+ Kf5 39. Kg3 g6 40.
e4+ Kf6 41. Be3 Nd8 42. Bd4+ Ke7 43. f5 gxf5 44. exf5 Nc6 45. Bc3 Kd7 46. f6
Ke8 47. Kg4 Kf8 48. Kh5 Nd8 49. Kxh6 Ne6 50. Be5 Kg8 51. f4 Kh8 52. f5 Nc5 53.
Kg5 Nd7 54. Bd4 Nb8 55. Kf4 Nc6 56. Bc3 Kh7 57. Ke4 Na7 58. Bd2 Nc8 59. Kd5 Kg8
60. Ke4 1/2-1/2

[Event "1. Gujarat Open 2018"]
[Site "Ahmedabad IND"]
[Date "2018.10.09"]
[Round "7.27"]
[White "Barath, Kalyan M"]
[Black "Siva, Mahadevan"]
[Result "1/2-1/2"]
[WhiteElo "2084"]
[BlackElo "2341"]
[EventDate "2018.10.05"]

1. a3 d5 2. Nf3 Nf6 3. e3 g6 4. b4 Bg7 5. Bb2 O-O 6. c4 c6 7. cxd5 cxd5 8.
 Be2 Bg4 9. O-O Nbd7 10. d3 Rc8 11. Nbd2 Qc7 12. Rc1 Qb8 13. h3 Bxf3 14. 
Nxf3 e6 15. Rc2 Rc7 16. Rxc7 Re8 17. Rc8 Rxc8 18. Qa1 Ne8 19. Bxg7 Nxg7 
20. Rc1 Ne8 21. Rc3 Nd6 22. Qc1 Rxc3 23. Qxc3 Nb5 24. Qc1 Nb6 25. Bd1 Qc8 
26. Qb2 Qc3 27. Qxc3 Nxc3 28. Bb3 Kf8 29. Kf1 Ke7 30. Ke1 f6 31. Bc2 e5 
32. Kd2 Nb5 1/2-1/2

[Event "World Blitz 2018"]
[Site "St Petersburg RUS"]
[Date "2018.12.30"]
[Round "13.33"]
[White "Fedoseev, Vl3"]
[Black "Kevlishvili, Robby"]
[Result "0-1"]
[WhiteElo "2719"]
[BlackElo "2451"]
[EventDate "2018.12.29"]

1. a3 d5 2. Nf3 g6 3. d4 Bg7 4. Nc3 Nf6 5. Bf4 O-O 6. e3 c6 7. h3 Nbd7 8. 
Be2 b6 9. O-O Bb7 10. b4 Re8 11. Qb1 Qc8 12. Ne5 Nxe5 13. Bxe5 Nd7 14. 
Bxg7 Kxg7 15. a4 e5 16. a5 Rb8 17. Qb2 exd4 18. exd4 Nf6 19. Bd3 Qc7 20. 
Qc1 Qd6 21. a6 Bc8 22. b5 Bd7 23. bxc6 Bxc6 24. Rb1 Rbc8 25. Qd2 Re7 26. 
Rfe1 Rec7 27. Qe3 Bd7 28. Na2 Re8 29. Qd2 Ne4 30. Bxe4 dxe4 31. Nc3 f5 32.
 Nd1 Rec8 33. c3 Ba4 34. Nb2 Bb5 35. Rec1 Bxa6 36. Ra1 Bb5 37. h4 h6 38. 
Qe3 Bd7 39. c4 Qf6 40. g3 Be6 41. Ra4 Bf7 42. Rca1 Rd8 43. Rxa7 Rxa7 44. 
Rxa7 Rxd4 45. Rb7 Rd6 46. Kg2 Qxb2 47. c5 Rd3 48. Qf4 Rf3 49. Rxf7+ Kxf7 
50. Qc7+ Kg8 51. Qb8+ Kh7 52. Qa7+ Qg7 53. Qxb6 Rc3 54. c6 h5 0-1

[Event "22. OIBM 2018"]
[Site "Tegernsee GER"]
[Date "2018.10.28"]
[Round "2.14"]
[White "Mons, Leon"]
[Black "Bente, Bjoern"]
[Result "0-1"]
[WhiteElo "2554"]
[BlackElo "2228"]
[EventDate "2018.10.27"]

1. a3 d5 2. Nf3 Nf6 3. e3 c5 4. c4 Nc6 5. cxd5 Nxd5 6. Nc3 e6 7. d4 Be7 8.
 Bd3 O-O 9. O-O Nxc3 10. bxc3 b6 11. Qc2 h6 12. Qe2 Bb7 13. Bb2 Qc7 14. e4
Rfd8 15. Rad1 Rac8 16. d5 c4 17. Bc2 Ne5 18. dxe6 Nxf3+ 19. Qxf3 fxe6 20. 
Qg4 e5 21. Bc1 Qc6 22. Rd5 Rxd5 23. exd5 Qxd5 24. f3 Rc6 25. Rd1 Qc5+ 26. 
Kf1 Rd6 27. Rxd6 Qxd6 28. Qxc4+ Bd5 29. Qc8+ Kf7 30. Ba4 Be6 31. Qe8+ Kf6 
32. Bc2 Bf7 33. Qc8 Be6 34. Qe8 Bf7 35. Qa4 Be6 36. Qe4 Kf7 37. Ke2 Bd5 
38. Qf5+ Bf6 39. Bd3 Ke7 40. Qc8 Qc6 41. Qa6 e4 42. fxe4 Bxe4 43. Qxa7+ 
Ke6 44. c4 Bxg2 45. Be3 Bf1+ 46. Kd2 Qg2+ 0-1

[Event "European Blitz 2018"]
[Site "Skopje MKD"]
[Date "2018.12.07"]
[Round "20.35"]
[White "Musovic, Armin"]
[Black "Rusev, Krasimir"]
[Result "0-1"]
[WhiteElo "2301"]
[BlackElo "2520"]
[EventDate "2018.12.06"]

1. a3 d5 2. Nc3 Nf6 3. d3 e5 4. Bg5 c6 5. e4 Bc5 6. exd5 cxd5 7. Bxf6 Qxf6
8. Qf3 Be6 9. O-O-O Bxf2 10. Nb5 Bb6 11. Qxf6 gxf6 12. Nf3 Nc6 13. g3 
O-O-O 14. Bg2 Be3+ 15. Kb1 d4 16. a4 Bd5 17. Nh4 Bxg2 18. Nxg2 Kd7 19. 
Rde1 a6 20. Nxe3 axb5 21. axb5 dxe3 22. bxc6+ bxc6 23. Rxe3 Ke6 24. Rf1 
Rhg8 25. c3 h5 26. Kc2 Rg6 27. Re4 Rg4 28. Ra1 f5 29. Re2 h4 30. d4 e4 31.
 gxh4 Rxh4 32. Ra6 Rd6 33. b4 Rh3 34. Ra5 f6 35. Rf2 Rd5 36. Ra6 Rd6 37. 
Ra5 Rd5 38. Ra6 f4 39. Rxc6+ Kf5 40. Rc8 e3 41. Re2 Rd7 42. Kd3 Rdh7 43. 
b5 Rxh2 44. b6 Rxe2 45. Kxe2 Rh2+ 46. Kd3 Rd2+ 47. Kc4 Rb2 48. Kc5 e2 49. 
Re8 f3 50. d5 f2 51. Rxe2 Rxe2 52. d6 f1=Q 53. d7 Rd2 54. b7 Qf4 55. c4 
Rxd7 0-1

[Event "Xtracon Chess Open 2019"]
[Site "Helsingor DEN"]
[Date "2019.07.22"]
[Round "4.49"]
[White "Jensen,Mo"]
[Black "Jogstad,Martin"]
[Result "0-1"]
[BlackTitle "FM"]
[WhiteElo "2029"]
[BlackElo "2259"]
[WhiteFideId "1407325"]
[BlackFideId "1715364"]
[EventDate "2019.07.20"]

1. a3 d5 2. Nc3 Nf6 3. d4 Bf5 4. Bf4 e6 5. f3 Bd6 6. e3 a6 7. Bd3 Bxd3 8. Qxd3
c5 9. Nge2 Nc6 10. O-O O-O 11. Rad1 b5 12. Bxd6 Qxd6 13. e4 cxd4 14. Nxd4 dxe4
15. Nxe4 Nxe4 16. Qxe4 Nxd4 17. Qxd4 Qc7 18. c3 Rfd8 19. Qh4 a5 20. h3 h6 21.
Kh1 Rd7 22. Rxd7 Qxd7 23. Qe4 Rd8 24. Re1 Qd2 25. Qe2 Qd5 26. Qe5 Qb3 27. Qc7
Rd2 28. Qxa5 Qxb2 29. f4 Kh7 30. Qb4 Rxg2 31. Qe4+ Rg6 32. Rg1 Qxc3 33. Rxg6
Qxh3+ 34. Kg1 fxg6 35. Qb4 Qf3 36. Qxb5 Qxa3 37. Qe5 Qh3 38. Qe4 Qg4+ 0-1

[Event "28th TCh-MKD 2019"]
[Site "Ohrid MKD"]
[Date "2019.07.22"]
[Round "1.2"]
[White "Ilic,Zo3"]
[Black "Kukov,T"]
[Result "1/2-1/2"]
[WhiteTitle "FM"]
[WhiteElo "2264"]
[BlackElo "2142"]
[WhiteTeam "BM Kisela Voda, Skopje"]
[BlackTeam "Karpos, Skopje"]
[WhiteFideId "15001350"]
[BlackFideId "937380"]
[EventDate "2019.07.22"]
[EventType "team"]

1. a3 d5 2. Nf3 Nf6 3. c4 e6 4. e3 Be7 5. Nc3 O-O 6. d4 Nbd7 7. c5 c6 8. b4 b6
9. Bd2 a5 10. Bd3 Ba6 11. Bxa6 Rxa6 12. Qe2 Qc8 13. O-O axb4 14. axb4 b5 15. Ne5
Nxe5 16. dxe5 Nd7 17. f4 Rxa1 18. Rxa1 f6 19. Qg4 f5 20. Qd1 Qb7 21. Ne2 Ra8 22.
Nd4 Nf8 23. h3 g6 24. Bc3 Bd8 25. Kf2 Kf7 26. g4 Ke7 27. Kg3 Ra6 28. Qb1 Qa8 29.
h4 1/2-1/2

[Event "TCh-MNE Premier 2019"]
[Site "Podgorica MNE"]
[Date "2019.07.22"]
[Round "3.3"]
[White "Milovic,J"]
[Black "Draskovic,Da"]
[Result "1/2-1/2"]
[WhiteElo "2260"]
[BlackElo "2055"]
[WhiteTeam "Elektroprivreda"]
[BlackTeam "Mimoza"]
[WhiteFideId "930903"]
[BlackFideId "944327"]
[EventDate "2019.07.20"]
[EventType "team"]

1. a3 d5 2. e4 c6 3. Nc3 Nf6 4. d3 dxe4 5. Bg5 Bg4 6. Qd2 exd3 7. Bxd3 e6 8.
Nge2 Be7 9. O-O-O Qa5 10. f3 Bf5 11. Bxf5 Qxf5 12. Ne4 O-O 13. N2g3 Qg6 14. Bxf6
Bxf6 15. h4 Be5 16. f4 Bc7 17. h5 Qg4 18. Ne2 Na6 19. h6 Rfd8 20. Qe3 Bb6 21.
Qc3 Rxd1+ 22. Rxd1 Rd8 23. hxg7 Rxd1+ 24. Kxd1 Qxg2 25. Nf6+ Kxg7 26. Ng4+ Kf8
27. Qh8+ Ke7 28. Qf6+ Kd6 29. Ne5 Qd5+ 30. Ke1 Nc5 31. Nxf7+ Kc7 32. Qe5+ Qxe5
33. fxe5 Kd7 34. Nf4 Bc7 35. b4 Ne4 36. Ke2 Ke7 37. Ke3 Kxf7 38. Kxe4 Bd8 39. a4
Bg5 40. Nd3 h5 41. Nc5 b5 42. a5 Bd2 43. Na6 h4 44. Kf3 c5 45. Nc7 Bxb4 46. a6
c4 47. Nxb5 Bc5 48. Kg4 Ke7 49. Nc3 Bd4 50. Nb5 Bc5 51. Nc3 Kd7 52. Ne2 Bf2 53.
Kf3 Bg3 54. Nxg3 hxg3 55. Kxg3 Kc6 56. Kf4 Kc5 57. Kg5 Kd5 58. Kf6 c3 59. Ke7
Kxe5 60. Kd7 Kf5 61. Kc6 e5 62. Kb7 e4 63. Kxa7 e3 64. Kb6 e2 65. a7 e1=Q 66.
a8=Q Qb1+ 67. Kc5 Qxc2 68. Qf3+ Ke6 69. Qe3+ Kf6 70. Kc4 1/2-1/2

[Event "V Dvorkovich Rapid Teams"]
[Site "Aktobe KAZ"]
[Date "2019.09.24"]
[Round "9.4"]
[White "Zarubitski,Viachaslau"]
[Black "Mustafayev,Farid"]
[Result "1-0"]
[WhiteTitle "IM"]
[BlackTitle "FM"]
[WhiteElo "2435"]
[BlackElo "2275"]
[WhiteTeam "Belarus"]
[BlackTeam "Azerbaijan"]
[WhiteFideId "13509373"]
[BlackFideId "13408771"]
[EventDate "2019.09.23"]

1. a3 d5 2. d4 Nf6 3. Nf3 g6 4. g3 Bg7 5. Bg2 O-O 6. O-O Bf5 7. Bf4 Nbd7 8. Ne5
c6 9. c4 Qb6 10. b4 Nxe5 11. c5 Qa6 12. Bxe5 b6 13. Nd2 bxc5 14. dxc5 Qc8 15.
Nb3 Bh3 16. Qd4 Qf5 17. Na5 Rac8 18. Bxh3 Qxh3 19. f3 Qe6 20. Rfe1 Bh6 21. e4
Rfd8 22. Bxf6 dxe4 23. Qxe4 Qxf6 24. Rad1 Bd2 25. Rf1 Rd5 26. Kg2 Rcd8 27. Rf2
Bc3 28. Rxd5 cxd5 29. Qd3 d4 30. Rc2 Re8 31. Nc4 Qa6 32. Kf2 Qa4 33. Ke2 e5 34.
Nd6 Re6 35. Nb5 e4 36. fxe4 f5 37. Nxc3 dxc3 38. Qxc3 Rxe4+ 39. Kf2 Qc6 40. Qd3
Kg7 41. b5 Qe6 42. c6 f4 43. c7 fxg3+ 44. hxg3 Qf5+ 45. Kg2 1-0

[Event "2020-bicaz-cup"]
[White "Gurguiatu, Sandu"]
[Black "Danilov, Vladimir"]
[WhiteFideId "1209035"]
[BlackFideId "1203398"]
[WhiteElo "1473"]
[BlackElo "2389"]
[Result "0-1"]
[Round "01"]
[Date "Thu Mar 05 2020"]
[WhiteClock "0:00:00"]
[BlackClock "0:00:00"]


1. a3  d5 2. g3  e5 3. Bg2  f5 4. e3  Nf6 5. d4  e4 6. Ne2  Bd6 7. O-O  h5 8. Nf4  h4 9. Ng6  Rh6 10. Nxh4  g5 11. Nf3  exf3 12. Qxf3  g4 13. Qe2  Ne4 14. Bxe4  dxe4 15. c4  Nc6 16. c5  Bxc5 17. dxc5  Ne5 18. Nd2  Be6 19. b3  c6 20. h4  Kf7 21. Rd1  Rxh4 22. gxh4  Qxh4 23. Qf1  Nf3+ 24. Nxf3  gxf3 0-1

[Event "2020-north-american-junior-championship"]
[White "Vivekananthan, Anish"]
[Black "Lu, Ming"]
[WhiteFideId "2090775"]
[BlackFideId "30930880"]
[WhiteElo "2239"]
[BlackElo "2084"]
[Result "1-0"]
[Round "04"]
[Date "Sun Dec 20 2020"]
[WhiteClock "0:27:35"]
[BlackClock "0:05:04"]


1. a3 {[%clk 1:24:49]}  d5 {[%clk 0:00:00]} 2. Nf3 {[%clk 1:24:49]}  Nf6 {[%clk 1:16:19]} 3. d4 {[%clk 1:20:58]}  c6 {[%clk 1:12:42]} 4. e3 {[%clk 1:18:15]}  Bf5 {[%clk 1:11:12]} 5. Bd3 {[%clk 1:18:16]}  Bg6 {[%clk 1:11:31]} 6. c4 {[%clk 1:18:16]}  e6 {[%clk 1:11:37]} 7. Nc3 {[%clk 1:15:44]}  Nbd7 {[%clk 1:10:03]} 8. Qe2 {[%clk 1:14:09]}  Ne4 {[%clk 1:06:47]} 9. Nd2 {[%clk 1:10:10]}  f5 {[%clk 0:45:57]} 10. O-O {[%clk 1:05:05]}  Bd6 {[%clk 0:39:20]} 11. f3 {[%clk 0:59:58]}  Nxd2 {[%clk 0:16:28]} 12. Bxd2 {[%clk 0:48:25]}  O-O {[%clk 0:16:28]} 13. b4 {[%clk 0:48:25]}  Qf6 {[%clk 0:16:28]} 14. c5 {[%clk 0:48:25]}  Bc7 {[%clk 0:16:28]} 15. f4 {[%clk 0:48:25]}  Bf7 {[%clk 0:16:28]} 16. b5 {[%clk 0:48:25]}  Kh8 {[%clk 0:16:28]} 17. bxc6 {[%clk 0:48:25]}  bxc6 {[%clk 0:16:28]} 18. g3 {[%clk 0:48:25]}  g5 {[%clk 0:16:28]} 19. fxg5 {[%clk 0:48:25]}  Qxg5 {[%clk 0:16:28]} 20. e4 {[%clk 0:48:25]}  Qg7 {[%clk 0:16:28]} 21. e5 {[%clk 0:48:25]}  Nxe5 {[%clk 0:16:28]} 22. dxe5 {[%clk 0:48:25]}  Bxe5 {[%clk 0:16:28]} 23. Rac1 {[%clk 0:29:35]}  d4 {[%clk 0:13:23]} 24. Bh6 {[%clk 0:29:35]}  Qxh6 {[%clk 0:13:23]} 25. Qxe5+ {[%clk 0:30:01]}  Qg7 {[%clk 0:05:54]} 26. Qxg7+ {[%clk 0:30:16]}  Kxg7 {[%clk 0:06:21]} 27. Ne2 {[%clk 0:30:39]}  Rad8 {[%clk 0:05:59]} 28. Rf4 {[%clk 0:29:52]}  Bg6 {[%clk 0:04:37]} 29. Rxd4 {[%clk 0:28:19]}  e5 {[%clk 0:04:22]} 30. Rd6 {[%clk 0:28:19]}  Kf7 {[%clk 0:04:43]} 31. Bc4+ {[%clk 0:27:54]}  Ke7 {[%clk 0:05:04]} 32. Re6+ {[%clk 0:27:35]} 1-0